Hospodársky vývoj Slovenska v roku 2019 zaostrené na: Spomalená produktivita, ktorá nestíha za nákladmi práce

Saved in:
Bibliographic Details
Main Author: Frank, Karol
Corporate Author: Slovenská akadémia vied. Ekonomický ústav
Other Authors: Morvay, Karol, 1973-, Hudcovský, Martin, 1988-, Jeck, Tomáš, Lábaj, Martin, 1982-, Širaňová, Mária, Nemcová, Edita, Pongrácz, Eva, 1971-
Format: Book
Language:Slovak
Published: Bratislava VEDA, vydavateľstvo Slovenskej akadémie vied 2020
Edition:1. vydanie
Subjects:
Tags: Add Tag
No Tags, Be the first to tag this record!

MARC

LEADER 00000nam a2200000 4500
001 0267604
005 20240514084109.6
020 |a 978-80-7144-311-7 
020 |a 978-80-7144-312-4 
041 0 |a slo 
044 |a SK 
245 1 0 |a Hospodársky vývoj Slovenska v roku 2019  |b zaostrené na: Spomalená produktivita, ktorá nestíha za nákladmi práce  |c Karol Frank – Karol Morvay a kolektív ; oponenti: Edita Nemcová, Eva Pongrácz 
250 |a 1. vydanie 
264 1 |a Bratislava  |b VEDA, vydavateľstvo Slovenskej akadémie vied  |c 2020 
300 |a 125 s. 
610 2 0 |a vývoj hospodársky 
610 2 0 |a zmeny štruktúrne 
610 2 0 |a rozvoj hospodársky 
610 2 0 |a zamestnanosť 
610 2 0 |a mzdy 
610 2 0 |a vývoj cenový 
610 2 0 |a politika menová 
610 2 0 |a financie verejné 
610 2 0 |a prostredie podnikateľské 
610 2 0 |a prognózy vývoja 
610 2 0 |a Slovensko 
610 2 0 |a Európska centrálna banka 
100 1 |a Frank, Karol 
700 1 |a Morvay, Karol, 1973- 
700 1 |a Hudcovský, Martin, 1988- 
700 1 |a Jeck, Tomáš 
700 1 |a Lábaj, Martin, 1982- 
700 1 |a Širaňová, Mária 
700 1 |a Nemcová, Edita 
700 1 |a Pongrácz, Eva, 1971- 
710 2 |a Slovenská akadémia vied. Ekonomický ústav